Ngọn nguồn khoa học kỹ thuật /

Những phát minh sáng chế; Ngọn nguồn khoa học kỹ thuật.

Uloženo v:
Podrobná bibliografie
Další autoři: Đại Phu., Trần Lương Hoàng., Hạ Lai Hoa., Võ Mai Lý (dịch.), Trần Hữu Khánh.
Médium: Kniha
Jazyk:Vietnamese
Vydáno: Hà Nội : Nxb Trẻ, 2000.
Témata:
Tagy: Přidat tag
Žádné tagy, Buďte první, kdo otaguje tento záznam!
Thư viện lưu trữ: Mạng thư viện Đại học Đà Nẵng
LEADER 01129cam a2200397 i 4500
001 000042701
003 576
005 20041027142301.0
008 010217b2000 vm 000 vie
020 |c 60000 
022 |a T 
040 |a IRC  |c IRC  |d IRC 
041 0 |a vie 
082 1 4 |a 608  |b Ng-N 
245 0 0 |a Ngọn nguồn khoa học kỹ thuật /  |c Trần Hữu Khánh, Trần Lương Hoàng, Đại Phu, Hạ Lai Hoa; Võ Mai Lý dịch. 
260 |a Hà Nội :  |b Nxb Trẻ,  |c 2000. 
300 |a 475 tr. ;  |c 19 cm. 
520 3 |a Những phát minh sáng chế; Ngọn nguồn khoa học kỹ thuật. 
630 0 4 |a Phát minh. 
630 0 4 |a Khoa học kỹ thuật. 
650 0 4 |a Khoa học kỹ thuật. 
700 1 |a Đại Phu. 
700 1 |a Trần Lương Hoàng. 
700 1 |a Hạ Lai Hoa. 
700 1 |a Võ Mai Lý,  |e dịch. 
700 1 |a Trần Hữu Khánh. 
OWN |a DUT 
999 |a From the UDN01 
TYP |a Monograph 
TYP |a Printed language 
980 |a Mạng thư viện Đại học Đà Nẵng